Bienvenue au Catalogue en Ligne des Bibliothèques de l'Universite du Burundi

Problems encounted by burundian journalists in translating from Kirundi into English (Record no. 22092)

000 -GUIDE
Champ de contrôle de longueur fixe 01376nam a22002777a 4500
003 - IDENTITÉ DU NUMÉRO DE CONTRÔLE
Champ de contrôle BI-BuBU
008 - ÉLÉMENTS DE LONGUEUR FIXE - RENSEIGNEMENTS GÉNÉRAUX
Champ de contrôle de longueur fixe 140224t2012 bd ||||dr|||| 000 0 eng d
037 ## - SOURCE D'ACQUISITION
Source d'acquisition et du numéro d'inventaire Don de l'auteur
039 ## - NIVEAU DE CONTRÔLE BIBLIOGRAPHIQUE ET HISTORIQUE D'ENCODAGE [OBSOLETE]
Date creation 2014022404144.0
Nom catalographe Nshimirimana Anne-Marie
040 ## - SOURCE DU CATALOGAGE
Organisme qui a effectué le catalogage original BI-BuBU
Code de la langue utilisée dans le catalogage fre
Organisme qui a effectué la transcription BI-BuBU
041 0# - CODE DE LANGUE
Code de langue du texte/de la piste sonore ou du titre distinct fre
080 ## - INDICE DE LA CLASSIFICATION DÉCIMALE UNIVERSELLE (CDU)
Indice de la Classification décimale universelle 82.03
100 1# - VEDETTE PRINCIPALE - NOM DE PERSONNE
Code de relation aut
Nom de personne Mbonimpa, Dieudonné
245 10 - MENTION DU TITRE
Titre Problems encounted by burundian journalists in translating from Kirundi into English
Mention de responsabilité, etc. by Dieudonné Mbonimpa; Nkurikiye Sylvestre, dir.
260 ## - PUBLICATION, DIFFUSION, ETC. (ADRESSE BIBLIOGRAPHIQUE)
Lieu de publication, diffusion, etc. Bujumbura
Nom de l'éditeur, diffuseur, etc. University of Burundi, Faculty of Arts and Social Sciences, Departement of English and Littarature
Date of publication, distribution, etc 2012
300 ## - DESCRIPTION MATÉRIELLE
Collation VI-82f.
Dimensions 30 Cm.
500 ## - NOTE GÉNÉRALE
Note générale A thesis submetted in partial fulfilment of the requirements for the degree "Licence en Langue et Littérature
650 #7 - VEDETTE-MATIÈRE - NOM COMMUN
Source du terme BI-BuBU
Vedette de sujet ou vedette comportant un nom géographique Kirundi (langue) :
Subdivision générale Anglais (langue). Traduction. Difficulté. Journaliste burundais
9 (RLIN) 85739
650 #7 - VEDETTE-MATIÈRE - NOM COMMUN
Source du terme BI-BuBU
Vedette de sujet ou vedette comportant un nom géographique Anglais (langue) :
Subdivision générale Kirundi (langue). Traduction. Difficulté. Journaliste burundais
9 (RLIN) 85740
655 #7 - TERME D'INDEXATION - GENRE OU FORME
Source du terme BI-BuBU
Données ou terme dominant sur le genre ou la forme Mémoire
9 (RLIN) 85736
700 1# - VEDETTE SECONDAIRE - NOM DE PERSONNE
Code de relation drt
Nom d'auteur Nkurikiye, Sylvestre
9 (RLIN) 85738
710 ## - VEDETTE SECONDAIRE - NOM DE COLLECTIVITÉ
Code de relation aut
Nom de la collectivité ou nom de lieu comme élément de classement Université du Burundi
Collectivité subordonnée Faculty of Arts and Social Sciences
9 (RLIN) 85737
942 ## - ÉLÉMENTS D'ENTRÉE ADDITIONNELLE (KOHA)
Source de la classification ou du système de rangement
Type d item koha Memoire
Holdings
Statut de retrait Statut de perte Source de la classification ou du système de rangement Statut de déterioration Exclu du prêt Numéro d item Koha Localisation permanente Localisation actuelle Date d'acquisition Source d'acquisition Nombre de prêts Cote Code-barres Date last seen Numéro d'exemplaire Prix en vigueur à partir du Type d item koha
        Not For Loan 34339 Bibliothèque Centrale Bibliothèque Centrale 24/02/2014 Don de l' auteur   82.03 MBO. 5010000221126 24/02/2014 1 24/02/2014 Memoire
© 2019-2026 - Bibliothèques de l'Université du Burundi |Tous droits réservés
home | Pour toute information urgente Contactez nous | tel whatsupp: +25779204313